| 000 | 00804cam a2200277 4500 | ||
|---|---|---|---|
| 999 |
_c9932 _d9932 |
||
| 001 | 9932 | ||
| 003 | BD-JhCC | ||
| 005 | 20180403130632.0 | ||
| 008 | 180403s1968 enka 000 0 eng | ||
| 020 | _a0600031535 | ||
| 035 | _a(BD-JhCC)9932 | ||
| 040 |
_aDLC _cDLC _dDLC _dBD-JhCC |
||
| 041 | 1 | _aengita | |
| 050 | 0 | 0 |
_aBL1455 _b.S84 |
| 082 | 0 | 0 |
_a294.3/63 _bMAN 1968 |
| 100 | 1 | _aMandel, Gabriele. | |
| 245 | 1 | 4 |
_aThe life and times of Buddha / _ctranslated [from the Italian] by Vivian Hart. |
| 260 |
_aLondon, _aNew York : _bHamlyn, _c1968. |
||
| 300 |
_a[1], 77 p. (chiefly illus. (chiefly col.)) _c30 cm. |
||
| 350 | _a17/6 | ||
| 490 | 0 | _aPortraits of greatness | |
| 500 | _aCol. illus. on lining papers. | ||
| 600 | 0 | 0 |
_aGautama Buddha _xPictorial works. |
| 942 |
_2ddc _cREF |
||